| 000 | 01578 a2200253 4500 | ||
|---|---|---|---|
| 001 | 18043 | ||
| 005 | 20260407155459.0 | ||
| 008 | 260407a2000 arg spa d | ||
| 003 | AR-UNSa-BCEJYS | ||
| 040 |
_aAR-UNSa-BCEJYS _bspa _cAR-UNSa-BCEJYS |
||
| 080 |
_a35.08 _xPersonal administrativo. Funcionarios. plantilla. función pública. Teoría, organización |
||
| 245 | 1 | 0 |
_aGestión de la calidad en el sector público _pnuevas formas de organizar el trabajo |
| 020 | _a987-43-3225-5 | ||
| 264 | 1 |
_aSalta : _bUniversidad Nacional de Salta. Facultad de Ciencias Económicas, Jurídicas y Sociales _c2000 |
|
| 300 |
_a255 p. _c24 cm. |
||
| 505 | _a1. Las organizaciones - 2. El estado como organización social - 3. La cultura organizacional en el estado argentino - 4. De la cultura del desentendimiento entre tarea y tarea a la integración de tareas - 5. Modernización en la gestión del estado. Nuevo rol del nivel operativo - 6. El enfoque gerencial en el estado - 7. La gestión de la calidad en el estado - 8. Los principios de gestión de la calidad en el estado - 9. Herramientas para la mejora continua de la gestión - 10. La gestión visual - 11. Modelo de sistema de gestión de la calidad con orientación a procesos | ||
| 041 | _aspa | ||
| 942 | _cBK | ||
| 590 | _aniveau_biblio:m niveau_hierar:0 | ||
| 100 | 1 | _aDe Zuani, Elio Rafael | |
| 700 | 1 | _aFernández, Juan José | |
| 700 | 1 | _aMartino, Luis Alberto | |
| 856 | 4 | 1 |
_uhttps://biblioeco.unsa.edu.ar/pmb/images/libros/Gestion de la calidad en el sector publico-l117938.jpg _yImagen de portada _qimage/jpeg |
| 999 |
_c725 _d725 |
||